| 000 | 00559nab a2200205 a 4500 | ||
|---|---|---|---|
| 005 | 20210219161946.0 | ||
| 008 | 991125s1985 mx 000 0 spa u | ||
| 035 | _aUPN01000194984 | ||
| 100 | 1 | _aGramigna, Anita | |
| 222 | _aREVISTA DE CIENCIAS DE LA EDUCACION | ||
| 245 | _aEpistemología de la educación ante el giro tecnológico | ||
| 260 | _aMadrid, España | ||
| 300 | _a7-20 | ||
| 362 | 0 | _a2013 No. 233, ene.-mar. | |
| 653 | 0 | _aFILOSOFIA EDUCATIVA | |
| 653 | 0 | _aTECNOCIENCIA | |
| 653 | 0 | _aETICA | |
| 653 | 0 | _aFELICIDAD | |
| 905 | _aArticulo | ||
| 999 |
_c167085 _d167085 |
||